000 01014nam a2200325 a 4500
001 77340
003 BD-RjUL
005 20211209082948.0
008 200316s1966 ie c 000 0 eng
035 _aBDRjUL)77565
040 _aDLC
_cFDA
_dFDA
_dm.c
_beng
041 _aeng
082 _223
_a821.8
_bSYC 1966
092 _aD0400085505
100 1 _aSynge, J. M.
_q(John Millington),
_d1871-1909.
_9240933
245 1 4 _aCOLLECTED WORKS /
_cJohn M. Synge ; edited by Alan price
260 _aLondon :
_bOxford University press,
_c1966
300 _aV. :
_bfront. (ports.) ;
_c23 cm
505 _aVol.2. prose.--
650 _aEnglish
_vpoetry
_9240934
700 _aPrice, Alan
_9240936
942 _2ddc
_cBK
999 _c77340
_d77340